Ramillete poético (Record no. 123808)

MARC details
000 -LEADER
campo de control de longitud fija 00550nam a2200157 4500
001 - NÚMERO DE CONTROL
campo de control 123808
003 - IDENTIFICADOR DE NÚMERO DE CONTROL
campo de control ES-MaACL
005 - FECHA Y HORA DE LA ÚLTIMA TRANSACCIÓN
campo de control 20230906192240.0
007 - CAMPO FIJO DE DESCRIPCIÓN FÍSICA--INFORMACIÓN GENERAL
campo de control de longitud fija t|
008 - DATOS DE LONGITUD FIJA--INFORMACIÓN GENERAL
campo de control de longitud fija 070214s1921 cu r ||||1| spa d
245 00 - MENCIÓN DEL TÍTULO
Título Ramillete poético
Resto del título : colección de sonetos heroicos sagrados de insignes poetas españoles /
Mención de responsabilidad, etc. ordenada con breves notas por Enrique José Varona.
260 ## - PUBLICACIÓN, DISTRIBUCIÓN, ETC.
Lugar de publicación, distribución, etc. La Habana :
Nombre del editor, distribuidor, etc. [s. n.],
Fecha de publicación, distribución, etc. 1921 (
Fabricante Imp. Siglo XX)
300 ## - DESCRIPCIÓN FÍSICA
Extensión 232 p. ;
Dimensiones 26 cm.
700 1# - ENTRADA AGREGADA--NOMBRE PERSONAL
Nombre de persona Varona, Enrique José (
Fechas asociadas al nombre 1849-1933)
9 (RLIN) 153535
852 ## - LOCALIZACIÓN
Ubicación ES-MaACL
Número de control de estantería C-2366
Holdings
Estatus retirado Estado de pérdida Estado de daño No para préstamo Biblioteca de origen Biblioteca actual Ubicación en estantería Fecha de adquisición Fuente de adquisición Total de préstamos Signatura topográfica completa Código de barras Visto por última vez Precio de reemplazo Tipo de ítem Koha
        Biblioteca del Ateneo de Madrid Biblioteca del Ateneo de Madrid Sala Palomar 17/01/2008     C-2366 1128991 23/02/2023 23/02/2023 Libro impreso